000 00962cam a22002771a 4500
001 5910
003 FISKH
005 20250205101449.0
008 770727s1920 pauaf 000 0 eng
010 _a 20022250
035 _a(OCoLC)3143509
040 _aDLC
_cLLafS
_dOCoLC
_dTxU
_dDLC
042 _apremarc
050 0 0 _aPZ8.M1754
_bPr8
082 _a823.8
100 1 _aMacDonald, George,
_d1824-1905.
245 1 4 _aThe princess and the goblin /
_cby George MacDonald ; illustrated by Jessie Willcox Smith.
260 _a Phnom Penh :
_bFootprint International School,
_c2025.
300 _a168 pages :
_c21 cm
500 _aIllustrated t.p., lining-papers and cover in colors.
520 _aA little princess is protected by her friend Curdie from the goblin miners who live beneath the castle.
650 _aFairy Tales
_vChildren's Fiction
_xGoblins
906 _a7
_bcbc
_coclcrpl
_du
_encip
_f19
_gy-gencatlg
942 _2ddc
_cBK
_n0
999 _c5910
_d5910